Loading...

A Study on Visual Percepyion, Spatial and Finemotor Abilities of Normal and Hearing Impaired High School Students

Bibliografiske detaljer
Hovedforfatter: Sreenish M.V
Institution som forfatter: MGU SBES
Andre forfattere: Dr P.T Babu Raj
Format: Ph.D Thesis
Udgivet: Kottayam SBES,MGU 2005
LEADER 00468nam a22001217a 4500
999 |c 93652  |d 93652 
100 |a Sreenish M.V   |9 44234 
245 |a A Study on Visual Percepyion, Spatial and Finemotor Abilities of Normal and Hearing Impaired High School Students  
260 |a Kottayam  |b SBES,MGU  |c 2005 
700 |a Dr P.T Babu Raj  |9 44233 
710 |a MGU  |b SBES  |f 2005  |k Theses  |9 44231 
942 |c THES 
952 |0 0  |1 0  |4 0  |7 0  |9 86144  |a SBES  |b SBES  |d 2016-10-24  |l 0  |p M040  |r 2016-10-24  |w 2016-10-24  |y THES